Регионална библиотека "Любен Каравелов" - Русе

Проектиране на товароподемни машини (Запис номер 59935)

MARC детайли
000 -Лидер
Контролно поле с фиксирана дължина 01648nam a2200349 c 4500
003 - Код на организацията, давaща контролен номер
Контролно поле BLK
005 - Дата и час на последна редакция
Контролно поле 20180420222919.0
008 - Елементи от данни с фиксирана дължина
fixed length control field 180408b bul|||||r ||||||| ||bul||
010 ## - Наследен системен номер
LC control number KNG00064062000
040 ## - Източник на каталожния запис
Идентификатор на билиотеката - собственик на записа BLK
041 ## - Код за език
Код за езика на текст/звукозапис или на отделно заглавие Български
Код за езика КДБФ Български
080 ## - УДК
Текстов определител УДК Подемно-транспортно оборудване в цялост. Вж и 621.87; 625.08; 625.1/.5; 625.5; 629.1; 658.286.2
УДК код - определител по УДК 621.86
УДК определител (075.8)
УДК - код + определител 621.86(075.8)
100 1# - Редна дума - Автор
Автор Коларов, Иван Г.
Авторска отговорност първи автор
R(LIN) 289426
139 ## - Редно поле
Редна дума Коларов, Иван Г. и др.
Авторски знак
245 10 - Сведения за заглавието
Заглавие Проектиране на товароподемни машини
Подзаглавни данни Учебник за студентите от машиностроит. спец. на ВТУЗ
Редно поле (дума) Иван Г. Коларов; съавт. Михаил Н. Проданов; съавт. Петко Д. Караиванов.
257 ## - Страна на издаване
Страна на създаване/издаване България
260 ## - Област на издателските данни
-- София
Име на издателя, разпространителя и проч. Техника
Година на издаване 1986
Печатница Ямбол : печ. Г. Димитров
300 ## - Физическа характеристика
Страници 292 с.
Илюстрации и др. сх., табл., диагр.
Размери/Мащаб 25 см
380 ## - Жанр
Жанр Техника
500 ## - Общи забележки
Забележка 5 088 тир. - Библиогр. с. 289
650 #4 - Допълнително описание по предмет – тема
Основно описание – тема или топоним Подемно-транспортни машини - учебници за ВУЗ
9 (RLIN) 254335
653 ## - Ключова дума – ненормативна
Ключова дума подемно-транспортни машини
653 ## - Ключова дума – ненормативна
Ключова дума учебници
653 ## - Ключова дума – ненормативна
Ключова дума проектиране
700 1# - Други автори (авторска отговорност)
Лично име Проданов, Михаил Н.
Автороска отговорност (Описва отношението между автора и произведението) съавт.
9 (RLIN) 289427
700 1# - Други автори (авторска отговорност)
Лично име Караиванов, Петко Д.
Автороска отговорност (Описва отношението между автора и произведението) съавт.
9 (RLIN) 289428
852 ## - Местоположение
Форматна сигнатура Цб 143276
856 4# - Електронен адрес и достъп
Електронен формат pdf - файл
Път до файла /url/
856 4# - Електронен адрес и достъп
Електронен формат pdf - файл
Път до файла /url/
942 ## - АРТИКУЛИ
Вид на библиотечния материал Книги
Скрит в OPAC Не
944 ## - СЪЗДАВАНЕ И РЕДАКЦИЯ на ЗАПИСА
Създаване/Редакция Създаване
Дата на регистрацията/редакция 13.06.2004
Служител, извършил регистрацията/редакцията Читалня
944 ## - СЪЗДАВАНЕ И РЕДАКЦИЯ на ЗАПИСА
Създаване/Редакция Редакция
Дата на регистрацията/редакция 21.08.2015
Служител, извършил регистрацията/редакцията Валя_Йорданова
999 ## - СИСТЕМНИ КОНТРОЛНИ НОМЕРА
Koha biblionumber 59935
Koha biblioitemnumber 59935
Наличности
Код за отписване Код за изгубен артикул Източник на класификационната схема Код за повреда Коз за рестрикции Код за отдаване Артикулен № Име на библиотеката - собственик Име на библиотеката, в която се намира в момента Статус (Текущо местоположение) Дата на вписване в системата Местоположение - отдел Цена в лева Инвентарен номер Систематично азбучна сигнатура Баркод Номер на екземпляра Цена в евро Служебна бележка Служебен тип на артикула
  Не е изгубен Universal Decimal Classification Не е повреден без рестрикции ползва се в читалня 98185 Регионална библиотека "Любен Каравелов" Русе Регионална библиотека "Любен Каравелов" Русе Читалня 1986-01-01 Читалня 2.06 453678 Ч 621.86/К77И 120000453678 1 1.05 N: Сф Дата: 01.01.1986 Дата инв: 24.03.2017 Бележки инв: Ч2017 Книги
  Не е изгубен Universal Decimal Classification Не е повреден без рестрикции ползва се в читалня 98186 Регионална библиотека "Любен Каравелов" Русе Регионална библиотека "Любен Каравелов" Русе Хранилище 1986-01-01 Хранилище 2.06 453434 Цб 143276 120000453434 2 1.05 Дост: Dp Вид: Д N: Сф Дата: 01.01.1986 Книги
Vip Innovations Ltd, Rousse, Bulgaria 2025